000 00755cab a2200229 4500
001 WB2521-31
008 090401t1989 xxu||||| |||| 00| 0 eng d
035 _a(Sirsi) u47433
041 _aeng
245 _aThreat to hospital building
260 _c1989
350 _a0
490 _aDaily Telegraph
_v29/5/89 p4
520 _aA slump in land sales in the South East as a result of a fall in house prices , is affecting hospital building programmes which are increasingly reliant on generating income from the sale of land.
650 _aMIDDLESEX HOSPITAL
650 _aNHS BUILDINGS
650 _aUNIVERSITY COLLEGE HOSPITAL
650 _aWHIPPS CROSS HOSPITAL
690 _aPROPERTY LAW AND PRACTICE
942 _n0
948 _c04/03/1997
999 _c29917
_d29917